Tom Hanks Profile Quiz Stats

 Plays Quiz not verified by Sporcle

Support Sporcle.
Go Orange.
Score 0/7 Timer 07:00
0 Plays Today
% Correct
Actor
96.4%
Rita Wilson
68.5%
1956
67.6%
California
58.6%
July 9
32.4%
Thomas Jeffrey Hanks
30.6%
Concord
25.2%

You're not logged in!

Compare scores with friends on all Sporcle quizzes.
OR
Log In

From the Vault

The Four Gospels

by bradleywehrle

The original Fab Four.
Remove Ads.
Support Sporcle.
Get the best of Sporcle when you Go Orange. This ad-free experience offers more features, more stats, and more fun while also helping to support Sporcle. Thank you for becoming a member.

Show Comments

Extras

Created Feb 8, 2011SourceReportNominate
Tags:Actor Quiz, Tom Hanks

Top Quizzes Today


Score Distribution

Your Account Isn't Verified!

In order to create a playlist on Sporcle, you need to verify the email address you used during registration. Go to your Sporcle Settings to finish the process.

Report this User

Report this user for behavior that violates our Community Guidelines.

Details: